A Book of verse for Australian schools / (Record no. 18156)
[ view plain ]
| 000 -LEADER | |
|---|---|
| fixed length control field | 00775cam a2200241 a 4500 |
| 001 - CONTROL NUMBER | |
| control field | 18156 |
| 003 - CONTROL NUMBER IDENTIFIER | |
| rucl marc code | BD-RjUL |
| 005 - DATE AND TIME OF LATEST TRANSACTION | |
| control field | 20211209000238.0 |
| 008 - FIXED-LENGTH DATA ELEMENTS--GENERAL INFORMATION | |
| fixed length control field | 140219s1948 xna 00010 eng d |
| 035 ## - SYSTEM CONTROL NUMBER | |
| System control number | (BD-RjUL)18214 |
| 040 ## - CATALOGING SOURCE | |
| Original cataloging agency | ANL |
| Transcribing agency | ANL |
| Language of cataloging | eng |
| Modifying agency | BD-RjUL |
| 041 ## - LANGUAGE CODE | |
| Language code of text/sound track or separate title | eng |
| 082 1# - DEWEY DECIMAL CLASSIFICATION NUMBER | |
| Classification number | 821.008 |
| Edition number | 19 |
| Author mark and year | BOO 1948 |
| 245 12 - TITLE STATEMENT | |
| Title | A Book of verse for Australian schools / |
| Statement of responsibility, etc. | edited, with notes, by W. Foster and H. Bryant. |
| 260 ## - PUBLICATION, DISTRIBUTION, ETC. (IMPRINT) | |
| Place of publication, distribution, etc. | Sydney : |
| Name of publisher, distributor, etc. | W. Foster & H. Bryant, |
| Date of publication, distribution, etc. | 1948 |
| Place of manufacture | Newcastle [N.S.W.] : |
| 300 ## - PHYSICAL DESCRIPTION | |
| Pagination | 128 p. : |
| Size | 18 cm. |
| 500 ## - GENERAL NOTE | |
| General note | For secondary school students. |
| 650 #0 - SUBJECT ADDED ENTRY--TOPICAL TERM | |
| Topical term or geographic name as entry element | Australian poetry. |
| 9 (RLIN) | 55909 |
| Topical term or geographic name as entry element | English poetry. |
| 9 (RLIN) | 55910 |
| 700 1# - ADDED ENTRY--PERSONAL NAME | |
| Personal name | Foster, W. |
| Fuller form of name | (William Charles Samuel) |
| Personal name | Bryant, H. |
| Fuller form of name | (Harold) |
| 942 ## - ADDED ENTRY ELEMENTS (KOHA) | |
| Source of classification or shelving scheme | Dewey Decimal Classification |
| Koha item type | Books |
| Lost status | Source of classification or shelving scheme | Damaged status | Not for loan | Collection code | Permanent Location | Current Location | Shelving location | Date acquired | Source of acquisition | Total Checkouts | Full call number | Date last seen | Copy number | Koha item type |
|---|---|---|---|---|---|---|---|---|---|---|---|---|---|---|
| Dewey Decimal Classification | Not For Loan | Fiction | Central Library, University of Rajshahi | Central Library, University of Rajshahi | Reading Room | 20/04/1966 | australian | 821.008 BOO 1948 | 19/02/2014 | C-1 | Books |